00530nam a2200145Ia 4500003000900000008004100009020002600050040001600076100002500092245007900117260003200196300002000228490003300248856010300281IN-BaIIA211028s9999 xx s 000 0 eng d a9780819416032 (Print) cIIA Library aHoover, Richard, ed. 0aAdvances in Multilayer and Grazing Incidence X-Ray/EUV/FUV Opticsh[eBook] aWashington, USAbSPIEc1994 aOnline resource aProceedings of SPIE; V. 2279 uhttps://www.spiedigitallibrary.org/conference-proceedings-of-spie/2279yClick Here to Access eBook